Statistics for Countries Bordering Baltic Sea - Map Quiz

Click here to take the quiz!

General Stats

  • This quiz has been taken 535 times
  • The average score is 8 of 9

Answers on the Map

Answers color-coded by a green-red scale on the quiz's map according to % correct below.
 

Answer Stats

Answer% Correct
Denmark
97%
Finland
97%
Russia
96%
Sweden
95%
Estonia
94%
Germany
94%
Lithuania
94%
Latvia
92%
Poland
90%

Score Distribution

Percentile by Number Answered

Percent of People with Each Score

Your Score History

You have not taken this quiz